| 000 -LEADER |
| fixed length control field |
01828nam a2200253Ia 4500 |
| 001 - CONTROL NUMBER |
| control field |
10529 |
| 003 - CONTROL NUMBER IDENTIFIER |
| control field |
GE_BSU |
| 008 - FIXED-LENGTH DATA ELEMENTS--GENERAL INFORMATION |
| fixed length control field |
181216s||||||||xx |||||||||||||| ||und|| |
| 020 ## - INTERNATIONAL STANDARD BOOK NUMBER |
| International Standard Book Number |
9789941421013 |
| 040 ## - CATALOGING SOURCE |
| Transcribing agency |
GE_BSU |
| 080 ## - UNIVERSAL DECIMAL CLASSIFICATION NUMBER |
| Universal Decimal Classification number |
821.353.1.09+821.353.1(092 მეუნარგია იონა) |
| 100 ## - MAIN ENTRY--PERSONAL NAME |
| Personal name |
მეუნარგია,იონა |
| 245 ## - TITLE STATEMENT |
| Title |
თხზულებანი:ტ.I:ალექსანდრე ჭავჭავაძე;ცხოვრება და ღვაწლი გრიგოლ ორბელიანისა,გრიგოლ ორბელიანი-გარდაცვალება და დასაფლავება,ცხოვრება და პოეზია ნიკოლოზ ბარათაშვილისა,გიორგი დავითის-ძე ერისთავი,ავტობიოგრაფია. |
| 245 ## - TITLE STATEMENT |
| Remainder of title |
ქართული ლიტერატურის ისტორია და კრიტიკა |
| 245 ## - TITLE STATEMENT |
| Statement of responsibility, etc. |
პრ.ხელ-ლი:მაია კუდავა; მთ.რედ:ზვიად კვარაცხელია; სარედ.საბჭო:გიორგი ანთელავა და სხვა; წინათქმა:როსტომ ჩხეიძე. |
| 260 ## - PUBLICATION, DISTRIBUTION, ETC. |
| Place of publication, distribution, etc. |
თბილისი |
| 260 ## - PUBLICATION, DISTRIBUTION, ETC. |
| Name of publisher, distributor, etc. |
არტანუტი |
| 260 ## - PUBLICATION, DISTRIBUTION, ETC. |
| Date of publication, distribution, etc. |
2010 |
| 300 ## - PHYSICAL DESCRIPTION |
| Extent |
494გვ;22სმ. |
| 300 ## - PHYSICAL DESCRIPTION |
| Accompanying material |
რეზ.ინგ.-კომენტარები:გვ:470-474. პირთა საძიებელი გვ:476-490. |
| 653 ## - INDEX TERM--UNCONTROLLED |
| Uncontrolled term |
თხზულებანი:ტ.I:ქართული ლიტერატურის ისტორია და კრიტიკა. |
| 942 ## - ADDED ENTRY ELEMENTS (KOHA) |
| Koha item type |
წიგნი |